|
|
|
|
| LEADER |
01371nam a2200349 a 4500 |
| 001 |
EBC893344 |
| 003 |
MiAaPQ |
| 005 |
20200520144314.0 |
| 006 |
m o d | |
| 007 |
cr cn||||||||| |
| 008 |
121228s2012 gw sb 001 0dger d |
| 020 |
|
|
|z 9783110286830
|
| 020 |
|
|
|z 9783110286885 (e-book)
|
| 035 |
|
|
|a (MiAaPQ)EBC893344
|
| 035 |
|
|
|a (Au-PeEL)EBL893344
|
| 035 |
|
|
|a (CaPaEBR)ebr10634559
|
| 035 |
|
|
|a (CaONFJC)MIL416964
|
| 035 |
|
|
|a (OCoLC)821198731
|
| 040 |
|
|
|a MiAaPQ
|c MiAaPQ
|d MiAaPQ
|
| 050 |
|
4 |
|a B3313.F353
|b S66 2012
|
| 100 |
1 |
|
|a Sommer, Andreas Urs.
|
| 245 |
1 |
0 |
|a Kommentar zu Nietzsches Der Fall Wagner Gotzen-Dammerung
|h [electronic resource] /
|c Andreas Urs Sommer.
|
| 246 |
1 |
5 |
|a Nietzsche-Kommentar
|
| 260 |
|
|
|a Berlin :
|b De Gruyter,
|c 2012.
|
| 300 |
|
|
|a xvii, 698 p.
|
| 440 |
|
0 |
|a Historischer und kritischer Kommentar zu Friedrich Nietzsches Werken ;
|v Bd. 6/1
|
| 504 |
|
|
|a Includes bibliographical references and index.
|
| 533 |
|
|
|a Electronic reproduction. Ann Arbor, MI : ProQuest, 2015. Available via World Wide Web. Access may be limited to ProQuest affiliated libraries.
|
| 600 |
1 |
0 |
|a Nietzsche, Friedrich Wilhelm,
|d 1844-1900.
|t Fall Wagner Gotzen-Dammerung.
|
| 655 |
|
4 |
|a Electronic books.
|
| 710 |
2 |
|
|a ProQuest (Firm)
|
| 856 |
4 |
0 |
|u https://ebookcentral.proquest.com/lib/matrademy/detail.action?docID=893344
|z Click to View
|